000 00596nam a2200205 a 4500
001 000043604
003 DO-SdBNP
005 20260321073643.0
008 091002s1974 dr 000 f spa d
040 _aDO-SdBNP
_bspa
_cBNPHU
082 _aBNPHU RD863.44
_bB742m, 1974
100 1 _a Bosch, Juan,
_d1909-2001
_976555
245 1 3 _aLa mañosa /
_cJuan Bosch.
250 _a3a ed.
260 _aSanto Domingo :
_bTalleres grafícos
_bCultura dominicana,
_c1974.
300 _a198 p. :
_b18 cm.
650 1 0 _aNovela dominicana
_9223
650 1 0 _aLiteratura dominicana.
_967
942 _2ddc
_cLBS1
999 _c43093
_d43093